000 01635nam a2200217Ia 4500
001 b6969-50840
003 IT-MiCISF
008 161014s9999||||xx |||||||||||||| ||und||
040 _aIT-MiCISF
_cIT-MiCISF
041 _ait
100 _aLavanco Gioacchino (a cura di)
245 0 _aLavoro di comunità e intervento sociale interculturale
250 _a1a ed.
260 _a Milano
_bFranco Angeli
_c2009
300 _app. 190
500 _aLavanco G., Messina C., Romano F., Hombrados Mendieta M.I., Moscato G., Dominguez Fuentes J.M., Lopez Espigares T., Novara C., Moscato G., Varveri L., Corso D., Di Giovanni E., Moreno J. Menez M.P. / servizi-sociali, comunità, servizi-anziani, emarginazione, prevenzione, tossicodipendenza, adolescenza, suicidio, famiglia-migranti, esperienze / Gli interventi di sviluppo di comunità consistono nell'accrescere la partecipazione attiva dei cittadini, cui consegue un aumento del potere e del controllo sulle proprie condizioni di vita. I saggi contenuti in questo volume rappresentano un primo tentativo di confrontare modelli di ricerca e di intervento, progettualità, percorsi formativi, best practices. Saggi che concludono e, al tempo stesso, aprono un percorso faticoso, emozionante e per alcuni tratti ambizioso che possiamo definire di ricerca-azione e di form-azione proprio perché ha fatto dialogare occasioni di riflessione e di intervento con le fasi della ricerca diffusa e decentrata sul territorio.
650 _a Famiglia e servizi / servizi-alla-persona
_e007
700 _aHombrados Mendieta Maria Isabel (a cura di)
942 _cBK
957 _71
999 _a50840
_bsi
_g1
_c210020
_d210020